[Event "Birmingham International Tournament"]
[Site "Birmingham"]
[Date "1973.04.25"]
[Round "8"]
[White "Corden, Martyn J"]
[Black "Carleton, John Joseph"]
[Result "1-0"]
[WhiteElo "2275"]
[BlackElo "2285"]
[PlyCount "75"]
[EventDate "1973.04.17"]
[EventType "tourn"]
[EventRounds "11"]
[EventCountry "ENG"]
[SourceTitle "BritBase"]
[Source "John Saunders"]
[SourceDate "2023.01.01"]
[SourceVersion "1"]
[SourceVersionDate "2023.01.01"]
[SourceQuality "1"]

1. e4 e6 2. d4 d5 3. Nc3 Nf6 4. e5 Nfd7 5. f4 c5 6. Nf3 Nc6 7. Be3 cxd4 8. Nxd4
Bc5 9. Qd2 Qe7 10. O-O-O a6 11. g4 Bb4 12. a3 Ba5 13. Nb3 Bc7 14. Bg2 O-O 15.
g5 Na5 16. Nd4 Nc4 17. Qf2 Ndb6 18. Nf5 exf5 19. Bc5 Qe8 20. b3 Be6 21. bxc4
Nxc4 22. Nxd5 Qb5 23. Qd4 Ba5 24. Rd3 Rfd8 25. Rb3 Qa4 26. Rd1 Kh8 27. Rdd3 b5
28. Rh3 Rxd5 29. Bxd5 Rd8 30. g6 h6 31. gxf7 Bd2+ 32. Kb1 Bxf7 33. e6 Bg8 34.
Rxh6+ Bh7 35. Rxh7+ Kxh7 36. Rh3+ Kg6 37. Qg1+ Kf6 38. Qg5# {Sources: CHESS/38/
675-676 June 1973, p280; BCM, July 1973, p306} 1-0

[Event "Birmingham International Tournament"]
[Site "Birmingham"]
[Date "1973.04.26"]
[Round "9"]
[White "Bisguier, Arthur Bernard"]
[Black "Gasic, Bozidar"]
[Result "1-0"]
[WhiteElo "2430"]
[BlackElo "2360"]
[PlyCount "89"]
[EventDate "1973.04.17"]
[EventType "tourn"]
[EventRounds "11"]
[EventCountry "ENG"]
[SourceTitle "BritBase"]
[Source "John Saunders"]
[SourceDate "2023.01.01"]
[SourceVersion "1"]
[SourceVersionDate "2023.01.01"]
[SourceQuality "1"]

1. d4 c5 2. d5 Nf6 3. c4 b5 4. cxb5 a6 5. bxa6 Bxa6 6. g3 d6 7. Bg2 g6 8. Nh3
Bg7 9. O-O O-O 10. Bd2 Nbd7 11. Nf4 Qb6 12. Bc3 Rfb8 13. Nd2 Ne5 14. Re1 Ra7
15. Qc2 Ne8 16. b3 Nc7 17. a4 Bc8 18. Bxe5 dxe5 19. Nd3 Na6 20. Rab1 Bf5 21. e4
Bd7 22. Nc4 Qc7 23. Qc3 Nb4 24. Ndxe5 Na2 25. Qd2 Bxe5 26. Nxe5 Qxe5 27. Qxa2
Qc3 28. Re3 Qb4 29. Rc1 Rab7 30. Bf1 Qa5 31. Rec3 Qb4 32. Bc4 Qa5 33. Qd2 Rxb3
34. Bxb3 Rxb3 35. Qc2 Rxc3 36. Qxc3 Qxa4 37. Qc4 Qa3 38. Qxc5 Qf3 39. Qe3 Qh5
40. h4 Qe5 41. Rd1 Bg4 42. Qd4 Qh5 43. Ra1 f6 44. d6 exd6 45. Qxf6 {Source:
CHESS/38/675-676 June 1973, p281} 1-0

[Event "Birmingham International Tournament"]
[Site "Birmingham"]
[Date "1973.04.26"]
[Round "9"]
[White "Cafferty, Bernard"]
[Black "Adorjan, Andras"]
[Result "0-1"]
[WhiteElo "2370"]
[BlackElo "2475"]
[PlyCount "70"]
[EventDate "1973.04.17"]
[EventType "tourn"]
[EventRounds "11"]
[EventCountry "ENG"]
[SourceTitle "BritBase"]
[Source "John Saunders"]
[SourceDate "2023.01.01"]
[SourceVersion "1"]
[SourceVersionDate "2023.01.01"]
[SourceQuality "1"]

1. Nf3 g6 2. d4 Bg7 3. c4 c5 4. d5 d6 5. e4 Nf6 6. Nc3 O-O 7. Be2 e6 8. Bg5 h6
9. Bh4 exd5 10. cxd5 g5 11. Bg3 Nh5 12. Nd2 Nxg3 13. hxg3 Nd7 14. Qc2 Qe7 15.
Nc4 Ne5 16. Ne3 Re8 17. Bb5 Rd8 18. Be2 Rb8 19. f4 Ng6 20. Nf5 Bxf5 21. exf5
Nf8 22. O-O-O Nh7 23. f6 Nxf6 24. Kb1 g4 25. Qf5 Qd7 26. Qxd7 Rxd7 27. Rhe1 b5
28. Bd3 b4 29. Ne4 Nxd5 30. Bb5 Rxb5 31. Rxd5 Re7 32. f5 Re5 33. Rxd6 Rb8 34.
Kc2 Rbe8 35. Kd3 c4+ {Source: Cafferty scoresheet} 0-1

[Event "Birmingham International Tournament"]
[Site "Birmingham"]
[Date "1973.04.26"]
[Round "9"]
[White "Carleton, John Joseph"]
[Black "Soltis, Andrew E"]
[Result "0-1"]
[WhiteElo "2285"]
[BlackElo "2440"]
[Annotator "Soltis, Andrew"]
[PlyCount "62"]
[EventDate "1973.04.17"]
[EventType "tourn"]
[EventRounds "11"]
[EventCountry "ENG"]
[SourceTitle "BritBase"]
[Source "John Saunders"]
[SourceDate "2023.01.01"]
[SourceVersion "1"]
[SourceVersionDate "2023.01.01"]
[SourceQuality "1"]

{The one game in which the forces of good actually triumphed was against the
hapless Carleton. He plays the Fajarowicz Variation of the Budapest, as I told
Bisguier, another Fajarowicz fan, before the tournament. So when I sat down to
play the Black pieces against Carleton, I was not too surprised by} 1. e4 (1.
d4 Nf6 2. c4 e5 3. dxe5 Ne4 {is the Fajarowicz Variation of the Budapest}) 1...
c5 2. Nf3 d6 3. e5 Nc6 ({Now} 3... dxe5 4. Nxe5 {is a Fajarowicz with colours
reversed and without a pawn sacrificed.}) 4. Bb5 d5 5. d4 e6 6. c3 Bd7 7. Be2
$6 Nge7 8. O-O Ng6 9. Be3 Be7 10. Nbd2 O-O 11. a3 cxd4 12. cxd4 a5 13. Bd3 a4
14. Re1 Na5 15. Qe2 Rb8 16. Nf1 b5 17. Ng3 Nc4 18. Nh5 Nxe3 19. Qxe3 b4 20.
axb4 Rxb4 21. Re2 Qb6 22. h4 Rb3 23. Rd1 Rb8 24. Ng5 Qd8 25. Rdd2 Bb5 26. Qg3
Bxd3 27. Rxd3 Rxd3 28. Qxd3 Bxg5 29. hxg5 Qxg5 30. Qh3 Rxb2 31. Re3 Rb3 {
Source: Andrew Soltis. Contributed by Andy Ansel, 28 January 2023. Some notes
from Chess Life & Review, July 1973, p382} 0-1

[Event "Birmingham International Tournament"]
[Site "Birmingham"]
[Date "1973.04.27"]
[Round "10"]
[White "Gasic, Bozidar"]
[Black "Corden, Martyn J"]
[Result "1-0"]
[WhiteElo "2360"]
[BlackElo "2275"]
[PlyCount "63"]
[EventDate "1973.04.17"]
[EventType "tourn"]
[EventRounds "11"]
[EventCountry "ENG"]
[SourceTitle "BritBase"]
[Source "John Saunders"]
[SourceDate "2023.01.01"]
[SourceVersion "1"]
[SourceVersionDate "2023.01.01"]
[SourceQuality "1"]

1. e4 Nf6 2. e5 Nd5 3. c4 Nb6 4. d4 d6 5. f4 dxe5 6. fxe5 Nc6 7. Be3 Bf5 8. Nc3
e6 9. Nf3 Nb4 10. Rc1 c5 11. a3 cxd4 12. axb4 dxc3 13. Qxd8+ Kxd8 14. bxc3 Be7
15. Be2 Kc7 16. Nd4 a6 17. Nxf5 exf5 18. O-O g6 19. g4 Nd7 20. gxf5 Nxe5 21. f6
Bd8 22. Bf4 Re8 23. Rce1 Kb8 24. Bf3 Bxf6 25. Bd5 Kc8 26. Bg3 Bh8 27. Rxf7 Rb8
28. Rxh7 Bf6 29. Rf1 Bg5 30. Kg2 Ng4 31. Be6+ Rxe6 32. Rf8+ {Sources: CHESS/38/
675-676 June 1973, p281; BCM, June 1973, p230} 1-0

[Event "Birmingham International Tournament"]
[Site "Birmingham"]
[Date "1973.04.27"]
[Round "10"]
[White "Miles, Anthony John"]
[Black "Cafferty, Bernard"]
[Result "1/2-1/2"]
[WhiteElo "2285"]
[BlackElo "2370"]
[PlyCount "69"]
[EventDate "1973.04.17"]
[EventType "tourn"]
[EventRounds "11"]
[EventCountry "ENG"]
[SourceTitle "BritBase"]
[Source "John Saunders"]
[SourceDate "2023.01.01"]
[SourceVersion "1"]
[SourceVersionDate "2023.01.01"]
[SourceQuality "1"]

1. b3 e5 2. Bb2 Nc6 3. e3 Nf6 4. Bb5 d6 5. d4 Bd7 6. Nf3 e4 7. Nfd2 d5 8. Be2
Bf5 9. c4 Nb4 10. cxd5 Nbxd5 11. Nc3 c6 12. Qc2 Nxc3 13. Bxc3 Bg6 14. a3 Nd5
15. Bb2 Bd6 16. Nc4 Bc7 17. Ne5 Bxe5 18. dxe5 O-O 19. O-O Qe7 20. Rfd1 Rfd8 21.
Rac1 h6 22. b4 a6 23. Bd4 Bf5 24. Kh1 Rd7 25. Qb2 Re8 26. Rg1 Nc7 27. f4 exf3
28. gxf3 Ne6 29. Bc3 Qh4 30. Rg3 Bd3 31. Rcg1 Bxe2 32. Qxe2 Qh5 33. Qc2 Red8
34. f4 Rd3 35. Bd4 {Source: Cafferty scoresheet} 1/2-1/2

[Event "Birmingham International Tournament"]
[Site "Birmingham"]
[Date "1973.04.27"]
[Round "10"]
[White "Soltis, Andrew E"]
[Black "Zuckerman, Bernard"]
[Result "1/2-1/2"]
[WhiteElo "2440"]
[BlackElo "2460"]
[PlyCount "33"]
[EventDate "1973.04.17"]
[EventType "tourn"]
[EventRounds "11"]
[EventCountry "ENG"]
[SourceTitle "BritBase"]
[Source "John Saunders"]
[SourceDate "2023.01.01"]
[SourceVersion "1"]
[SourceVersionDate "2023.01.01"]
[SourceQuality "1"]

1. e4 c5 2. Nf3 d6 3. d4 cxd4 4. Nxd4 Nf6 5. Nc3 a6 6. Bg5 e6 7. f4 Be7 8. Qf3
h6 9. Bh4 Qc7 10. O-O-O Nbd7 11. Be2 Rb8 12. Qg3 Rg8 13. Rhf1 g5 14. fxg5 Ne5
15. Nf3 hxg5 16. Nxg5 Rg6 17. Qh3 {Source: StarBase 4.56} 1/2-1/2

[Event "Birmingham International Tournament"]
[Site "Birmingham"]
[Date "1973.04.29"]
[Round "11"]
[White "Cafferty, Bernard"]
[Black "Soltis, Andrew E"]
[Result "1/2-1/2"]
[WhiteElo "2370"]
[BlackElo "2440"]
[PlyCount "26"]
[EventDate "1973.04.17"]
[EventType "tourn"]
[EventRounds "11"]
[EventCountry "ENG"]
[SourceTitle "BritBase"]
[Source "John Saunders"]
[SourceDate "2023.01.01"]
[SourceVersion "1"]
[SourceVersionDate "2023.01.01"]
[SourceQuality "1"]

1. c4 Nf6 2. Nc3 c6 3. e4 e5 4. Nf3 Bb4 5. Nxe5 O-O 6. Be2 Re8 7. Nd3 Bxc3 8.
dxc3 Nxe4 9. O-O d6 10. Re1 Nd7 11. Bf4 Nb6 12. f3 Nf6 13. b3 Bf5 {Source:
Cafferty scoresheet} 1/2-1/2

[Event "Birmingham International Tournament"]
[Site "Birmingham"]
[Date "1973.04.29"]
[Round "11"]
[White "Zuckerman, Bernard"]
[Black "Carleton, John Joseph"]
[Result "1-0"]
[WhiteElo "2460"]
[BlackElo "2285"]
[PlyCount "65"]
[EventDate "1973.04.17"]
[EventType "tourn"]
[EventRounds "11"]
[EventCountry "ENG"]
[SourceTitle "BritBase"]
[Source "John Saunders"]
[SourceDate "2023.01.01"]
[SourceVersion "1"]
[SourceVersionDate "2023.01.01"]
[SourceQuality "1"]

1. e4 e6 2. d4 d5 3. Nc3 Nf6 4. Bg5 Be7 5. e5 Nfd7 6. Bxe7 Qxe7 7. f4 O-O 8.
Nf3 c5 9. dxc5 Nc6 10. Bd3 f6 11. exf6 Qxf6 12. g3 Nxc5 13. O-O Bd7 14. Qd2 Be8
15. Rae1 Nxd3 16. cxd3 Bg6 17. Ne5 Nxe5 18. Rxe5 Bf5 19. Nb5 Qd8 20. Nd4 Qb6
21. Qf2 Bxd3 22. Rd1 Be4 23. Nxe6 Rfc8 24. Qxb6 axb6 25. Ng5 Rxa2 26. Nxe4 dxe4
27. Rd2 Rc1+ 28. Kf2 Rh1 29. Kg2 Re1 30. Re7 h6 31. f5 Rb1 32. Rd8+ Kh7 33.
Ree8 {Source: StarBase 4.56} 1-0